000 00828nam a22001817a 4500
999 _c63551
_d63551
003 Ge_BSU
005 20251028160055.0
008 251028s1964 ge ||||| |||| 00| 0 geo d
041 _ageo
080 _a329.150 ჯ-71
100 _aჯორბენაძე, სერგო
_94014
245 _aსკკპ პროგრამა სოციალისტური საკუთრების წარმოშობის გზების შესახებ /
_cსერგო ჯორბენაძე.
264 _aთბილისი :
_b საბჭ. საქართველო,
_c1964.
300 _a171 გვ. ;
_b21 სმ.
653 _aსკკპ პროგრამა
653 _aსოციალისტური საკუთრება
942 _2udc
_cᲬᲘᲒᲜᲘ